[Event "Oviedo op 8th"]
[Site "Oviedo"]
[Date "2022.07.21"]
[Round "7"]
[White "Chakhoyan, Konstantin"]
[Black "Presa Villa, Andres"]
[Result "0-1"]
[WhiteElo "1981"]
[BlackElo "2098"]
[PlyCount "132"]
[EventDate "2022.07.17"]
[EventType "swiss"]
[EventRounds "9"]
[EventCountry "ESP"]
[SourceTitle "CBM 209 Extra"]
[Source "ChessBase"]
[SourceDate "2022.09.30"]
[SourceVersion "1"]
[SourceVersionDate "2022.09.30"]
[SourceQuality "1"]

1. d4 Nf6 2. Nf3 b6 3. g3 Bb7 4. Bg2 c5 5. dxc5 bxc5 6. 0-0 g6 7. c4 Bg7 8. Nc3 0-0 9. Qc2 d6 10. h3 Nc6 11. Be3 Nd7 12. Rfd1 Qc8 13. Nd5 Re8 14. Rac1 Rb8 15. b3 Ba8 16. Qd2 Nb4 17. Ne1 Nf6 18. Nxb4 Rxb4 19. Bxa8 Qxa8 20. f3 a5 21. Nc2 Rb7 22. Na3 a4 23. Nb5 Reb8 24. Bh6 Bh8 25. e4 Ne8 26. Rb1 Nc7 27. Nxc7 Rxc7 28. Qc2 axb3 29. Rxb3 Rxb3 30. axb3 Ra7 31. Rd2 Ra1+ 32. Kh2 Bd4 33. Re2 Qa3 34. h4 f6 35. Kh3 Kf7 36. Kg4 Qa8 37. Kh3 Qc8+ 38. g4 Qa6 39. Bc1 Qb7 40. Re1 Ra8 41. Rd1 Qb4 42. Bd2 Qb7 43. Rb1 Ra3 44. Bc1 Ra6 45. Bd2 Qa7 46. Bc3 Bxc3 47. Qxc3 Ra2 48. Rb2 Ra1 49. Kg2 Rd1 50. Rd2 Rb1 51. Rc2 Qa3 52. Qd2 Qa1 53. Qe3 Rh1 54. Qf2 Rb1 55. Ra2 Qc3 56. Qd2 Qxb3 57. Rc2 Kg7 58. h5 g5 59. Qe2 Qb4 60. Qf2 Ra1 61. Ra2 Rb1 62. Rc2 Qb3 63. Qe2 Re1 64. Qf2 Ra1 65. Kh2 Qb1 66. Qg2 Qe1 0-1

[Event "Oviedo op 8th"]
[Site "Oviedo"]
[Date "2022.07.17"]
[Round "1"]
[White "Bagues Castro, Marien"]
[Black "Presa Villa, Andres"]
[Result "0-1"]
[WhiteElo "1521"]
[BlackElo "2098"]
[PlyCount "78"]
[EventDate "2022.07.17"]
[EventType "swiss"]
[EventRounds "9"]
[EventCountry "ESP"]
[SourceTitle "CBM 209 Extra"]
[Source "ChessBase"]
[SourceDate "2022.09.30"]
[SourceVersion "1"]
[SourceVersionDate "2022.09.30"]
[SourceQuality "1"]

1. e4 d6 2. d4 g6 3. c4 Bg7 4. Nc3 e5 5. Be3 exd4 6. Bxd4 Nf6 7. Be2 0-0 8. Nf3 Nc6 9. 0-0 Re8 10. Bd3 Bg4 11. Bxf6 Bxf6 12. Nd5 Nd4 13. Be2 Rxe4 14. Nxd4 Rxd4 15. Nxf6+ Qxf6 16. Qc2 Qe6 17. Bxg4 Rxg4 18. b3 Re8 19. f3 Rg5 20. Rae1 Qxe1 21. Rxe1 Rxe1+ 22. Kf2 Rge5 23. Qd3 R1e2+ 24. Kg3 Rxa2 25. f4 Ree2 26. Qd5 Rxg2+ 27. Kf3 b6 28. Qa8+ Kg7 29. Qc6 Rxh2 30. Qxc7 Rh3+ 31. Ke4 Re2+ 32. Kd5 Rd3+ 33. Kc6 Re6 34. Kb7 Rxb3 35. Kxa7 Rf3 36. Kxb6 Rxf4 37. Kb5 Rf5+ 38. Kb4 h5 39. Qd8 Ref6 0-1

[Event "San Miguel op 27th"]
[Site "Trevias"]
[Date "2021.09.18"]
[Round "1"]
[White "Presa Villa, Andres"]
[Black "Menendez Rey, Javier"]
[Result "1/2-1/2"]
[WhiteElo "2091"]
[BlackElo "2161"]
[PlyCount "74"]
[EventDate "2021.09.18"]
[EventType "tourn"]
[EventRounds "7"]
[EventCountry "ESP"]
[SourceTitle "EXT 2022"]
[Source "ChessBase"]
[SourceDate "2021.10.06"]
[SourceVersion "1"]
[SourceVersionDate "2021.10.06"]
[SourceQuality "1"]

1. d4 d6 2. Nf3 f5 3. Bf4 g6 4. e3 Bg7 5. h3 Nh6 6. Bc4 e6 7. g4 0-0 8. Nc3 c6 9. a4 Na6 10. Qe2 d5 11. Bxa6 bxa6 12. g5 Nf7 13. h4 Re8 14. Qd2 c5 15. a5 Bb7 16. Na4 cxd4 17. exd4 e5 18. Nxe5 Nxe5 19. dxe5 d4 20. Rh3 Bxe5 21. 0-0-0 Bxf4 22. Qxf4 Re4 23. Qd2 Rc8 24. Rd3 Rxh4 25. f4 Be4 26. Rc3 dxc3 27. Qxd8+ Rxd8 28. Rxd8+ Kf7 29. Nxc3 Rxf4 30. Rd7+ Ke6 31. Rxh7 Rf2 32. Nxe4 fxe4 33. Rg7 e3 34. Kd1 Rd2+ 35. Ke1 Kf5 36. Rxa7 Rxc2 37. b4 Ke4 1/2-1/2